Poberatelia čiastočne invalidných dôchodkov a invalidných dôchodkov
Postavenie občanov so zmenenou pracovnou schopnosťou, t.j. invalidných dôchodcov alebo čiastočne invalidných dôchodcov. Objasnenie sporných otázok, či osoby uznané za invalidné alebo čiastočne invalidné musia byť aj poberateľmi týchto dôchodkov, či môžu pracovať, aký zárobok môžu dosahovať, aby im n...
Guardado en:
| Autor principal: | |
|---|---|
| Formato: | Capítulo de libro |
| Lenguaje: | eslovaco |
| Materias: | |
| Etiquetas: |
Sin Etiquetas, Sea el primero en etiquetar este registro!
|
MARC
| LEADER | 00000naa a2200000 4500 | ||
|---|---|---|---|
| 001 | r041039 | ||
| 005 | 20231002080826.7 | ||
| 041 | 0 | |a slo | |
| 044 | |a SK | ||
| 245 | 1 | 0 | |a Poberatelia čiastočne invalidných dôchodkov a invalidných dôchodkov |c Zuzana Macková |
| 520 | |a Postavenie občanov so zmenenou pracovnou schopnosťou, t.j. invalidných dôchodcov alebo čiastočne invalidných dôchodcov. Objasnenie sporných otázok, či osoby uznané za invalidné alebo čiastočne invalidné musia byť aj poberateľmi týchto dôchodkov, či môžu pracovať, aký zárobok môžu dosahovať, aby im nezanikol nárok na výplatu toho-ktorého dôchodku. Odvádzanie odvodov do jednotlivých poistných fondov a povinnosti zamestnávateľov zamestnávajúcich túto skupinu občanov. | ||
| 610 | 2 | 0 | |a invalidi |
| 610 | 2 | 0 | |a osoby so zníženou pracovnou schopnosťou |
| 610 | 2 | 0 | |a dôchodky invalidné |
| 610 | 2 | 0 | |a dôchodky invalidné čiastočné |
| 610 | 2 | 0 | |a zamestnanci |
| 610 | 2 | 0 | |a zamestnávatelia |
| 610 | 2 | 0 | |a odvody |
| 610 | 2 | 0 | |a poistné |
| 610 | 2 | 0 | |a zárobky |
| 100 | 1 | |a Macková, Zuzana | |